[Event "Cto. Navarra por equipos - Division Hono"]
[Site "?"]
[Date "2017.10.14"]
[Round "1"]
[White "Lopez Orois, Jose Manuel"]
[Black "Navarrete Delgado, Sergio"]
[Result "0-1"]
[WhiteElo "2036"]
[BlackElo "2217"]

1.e4 d5 2.exd5 Nf6 3.d4 Bg4 4.Be2 Bxe2 5.Qxe2 Qxd5 6.Nf3 Nc6 7.Be3 O-O-O 8.O-O
Qh5 9.Nc3 e6 10.Qb5 Nd5 11.Rfe1 a6 12.Qe2 Bd6 13.Ne4 h6 14.c4 Nxe3 15.Nxd6 Rxd6
16.fxe3 g5 17.Rab1 g4 18.Nd2 f5 19.Rf1 e5 20.d5 Rhd8 21.Qf2 Ne7 22.e4 f4 23.g3
Rf6 24.c5 Rdf8 25.b4 Qg5 26.Nc4 fxg3 27.Qxg3 Rxf1 28.Rxf1 Rxf1 29.Kxf1 Qc1
30.Kg2 Qc2 31.Kg1 Qxc4 32.Qxe5 Kd8 33.d6 Qc1 34.Kg2 Qd2 35.Kg1 cxd6 36.cxd6 Nc6
37.Qf6 Kd7 38.Qf5 Kxd6 39.e5 Nxe5 40.Qf6 Kd5 0-1

[Event "Cto. Navarra por equipos - Division Hono"]
[Site "?"]
[Date "2017.10.14"]
[Round "1"]
[White "Soriano Ascaso, Ignacio"]
[Black "Argaya Urdaniz, Miguel"]
[Result "1/2-1/2"]
[WhiteElo "2162"]
[BlackElo "1923"]

1.e4 e5 2.Nf3 Nc6 3.Bc4 d6 4.d4 exd4 5.Nxd4 Nxd4 6.Qxd4 Qf6 7.Be3 Qxd4 8.Bxd4
Be6 9.Bxe6 fxe6 10.Nc3 c6 11.O-O e5 12.Be3 Nf6 13.h3 Be7 14.f4 exf4 15.Bxf4 O-O
16.Rad1 Rad8 17.e5 dxe5 18.Bxe5 Rxd1 19.Rxd1 Rd8 20.Rxd8 Bxd8 21.Bd4 Bb6 22.Bxb6
axb6 23.Kf2 Kf7 24.Kf3 Ke6 25.Ne4 Nxe4 26.Kxe4 b5 27.c3 Kd6 28.g3 Ke6 29.h4 h5
30.Kf4 Kf6 31.b3 g6 32.a3 Ke6 33.Kg5 Kf7 34.a4 bxa4 35.bxa4 Kg7 36.a5 Kf7 37.Kf4
Kf6 38.Ke4 g5 39.Kd4 gxh4 40.gxh4 Ke6 41.Kc5 Kd7 42.Kb6 Kc8 43.c4 Kb8 44.c5 Ka8
45.a6 Kb8 46.Ka5 Ka7 47.axb7 Kxb7 48.Kb4 Ka6 49.Ka4 Kb7 50.Kb3 Ka6 51.Ka4 Kb7
52.Kb3 1/2-1/2

[Event "Cto. Navarra por equipos - Division Hono"]
[Site "?"]
[Date "2017.10.14"]
[Round "1"]
[White "Aldave Aguado, Adrian"]
[Black "Monje Peinado, Roberto"]
[Result "1-0"]
[WhiteElo "1925"]
[BlackElo "2051"]

1.d4 f5 2.g3 Nf6 3.Bg2 g6 4.Nc3 Bg7 5.Nf3 O-O 6.O-O d6 7.d5 c6 8.e4 fxe4 9.Ng5
Bg4 10.Qd2 Qa5 11.Ngxe4 Nxe4 12.Nxe4 Qxd2 13.Nxd2 e6 14.h3 Bf5 15.g4 Bxc2
16.dxe6 Na6 17.Nc4 Rae8 18.Re1 Bd4 19.Be3 Bxe3 20.Rxe3 Rf6 21.Rae1 Nc7 22.Nxd6
Rexe6 23.Nxb7 Rxe3 24.Rxe3 Nd5 25.Re2 Bd1 26.Rd2 Bf3 27.Bf1 Re6 28.Kh2 Re1
29.Bc4 Kg7 30.Nc5 Nf6 31.Ne6 1-0

[Event "Cto. Navarra por equipos - Division Hono"]
[Site "?"]
[Date "2017.10.14"]
[Round "1"]
[White "Cinza Lopez, Javier"]
[Black "Lizuain Toni, Javier"]
[Result "0-1"]
[WhiteElo "2010"]
[BlackElo "1834"]

1.e4 e5 2.Nf3 Nc6 3.Bc4 Nf6 4.Ng5 d5 5.exd5 Na5 6.d3 h6 7.Nf3 e4 8.Qe2 Nxc4
9.dxc4 Bc5 10.Nfd2 O-O 11.Nb3 Bg4 12.Qf1 Bb4 13.c3 Be7 14.Be3 c6 15.h3 Bh5 16.g4
Bg6 17.dxc6 bxc6 18.N1d2 Qc7 19.Qg2 c5 20.h4 h5 21.g5 Ng4 22.O-O-O Qc6 23.Rhe1
Ne5 24.Kb1 Nd3 25.Rf1 Rab8 26.Ka1 a5 27.Rb1 a4 28.Nc1 Rfd8 29.Nxd3 Rxd3 30.Bf4
Rbd8 31.Rfd1 a3 32.bxa3 Rxc3 33.Nb3 Rcd3 34.Rxd3 Rxd3 35.Be5 Qe6 36.Bb2 Qxc4
37.Qf1 Qe6 38.Nc1 Rf3 39.Qe2 Qf5 40.Qb5 e3 41.Qe8 Bf8 42.Nd3 Qxd3 43.Rc1 exf2
44.Bxg7 Kxg7 45.Qe5 Kh7 0-1

[Event "Cto. Navarra por equipos - Division Hono"]
[Site "?"]
[Date "2017.10.14"]
[Round "1"]
[White "Roldan Marques, Daniel"]
[Black "Martinez Ayesa, Aitor"]
[Result "1-0"]
[WhiteElo "2189"]
[BlackElo "2045"]

1.d4 e6 2.c4 c5 3.d5 exd5 4.cxd5 d6 5.Nc3 Nf6 6.Nf3 g6 7.Bf4 Bg7 8.h3 O-O 9.e3
Na6 10.Be2 Nc7 11.O-O a6 12.a4 Rb8 13.Ng5 Qe7 14.Bf3 Rd8 15.Qb3 h6 16.Nge4 Nxe4
17.Nxe4 b5 18.Rfd1 c4 19.Qb4 Ne8 20.axb5 axb5 21.Ra5 Qc7 22.Rxb5 Bd7 23.Bxd6
Rxb5 24.Bxc7 Rxb4 25.Bxd8 Ba4 26.Be7 Rxb2 27.Rc1 f5 28.Nc5 Bc2 29.d6 Nxd6
30.Bxd6 c3 31.Bd5 Kh7 32.Ne6 Bf6 33.Nd4 Rb1 34.Rxb1 Bxb1 35.Bb3 Be4 36.Nc2 Bd3
37.Bc5 Bd8 38.Nb4 Bb5 39.Bd4 1-0

[Event "Cto. Navarra por equipos - Division Hono"]
[Site "?"]
[Date "2017.10.14"]
[Round "1"]
[White "Forjan Jimenez, Pedro"]
[Black "Sesma Rubio, Patxi"]
[Result "0-1"]
[WhiteElo "2000"]
[BlackElo "2150"]

1.b3 e5 2.Bb2 Nc6 3.e3 Be7 4.Bb5 Bf6 5.Ne2 a6 6.Bxc6 bxc6 7.d4 e4 8.Nbc3 d5
9.Ba3 Bd7 10.Na4 Ne7 11.Ng3 g6 12.Bc5 O-O 13.Ne2 Re8 14.g4 g5 15.Ng3 Ng6 16.Nf5
Qc8 17.Qe2 Bxf5 18.gxf5 Qxf5 19.O-O-O Nh4 20.Rdg1 Nf3 21.h4 g4 22.h5 Kh8 23.Rg2
Rg8 24.Nc3 Rg5 25.Qf1 Rxh5 26.Ne2 Rxh1 27.Qxh1 Rg8 28.Ng3 Qg5 29.Rh2 Nxh2
30.Qxh2 Qh4 31.Qg1 Qh3 32.Qe1 Qg2 33.Nf5 Re8 0-1

[Event "Cto. Navarra por equipos - Division Hono"]
[Site "?"]
[Date "2017.10.14"]
[Round "1"]
[White "Laguardia Ortega, Moises"]
[Black "Lerendegui Lasa, Odei"]
[Result "1-0"]
[WhiteElo "2030"]
[BlackElo "1975"]

1.e4 c5 2.Nf3 Nc6 3.Bb5 g6 4.Bxc6 dxc6 5.d3 Bg7 6.h3 e5 7.a4 c4 8.dxc4 Qxd1
9.Kxd1 Be6 10.b3 Nf6 11.Nc3 Nh5 12.g3 O-O-O 13.Ke2 f5 14.Kf1 h6 15.Kg2 g5 16.Re1
g4 17.hxg4 fxg4 18.Ng1 Nf4 19.gxf4 exf4 20.e5 Rhf8 21.Bb2 f3 22.Kg3 Rf5 23.Ne4
Rdf8 24.Nd6 Kc7 25.Nxf5 Rxf5 26.Rad1 Bf8 27.Kxg4 Bc5 28.Rf1 Be7 29.Nxf3 Rf8
30.Kg3 h5 31.Nd4 Bc8 32.f4 Rg8 33.Kh2 Rg4 34.f5 Rh4 35.Kg3 Kb6 36.Rf4 Rxf4
37.Kxf4 Bf8 38.Rh1 c5 39.Ne6 Bh6 40.Ke4 Bd7 41.Rxh5 Bd2 42.Kd3 Be1 43.Nf4 a6
44.Nd5 Ka7 45.e6 Be8 46.Rh8 Bc6 47.e7 Bf2 48.e8=Q Bxe8 49.Rxe8 a5 50.Bc3 b6
51.Re7 Ka6 52.Be5 Bg3 53.Bxg3 1-0

[Event "Cto. Navarra por equipos - Division Hono"]
[Site "?"]
[Date "2017.10.14"]
[Round "1"]
[White "Vilchez Gonzalez, Angel"]
[Black "Garrido Lasheras, David"]
[Result "1-0"]
[WhiteElo "1917"]
[BlackElo "2075"]

1.e4 e6 2.d4 b6 3.Nf3 Bb7 4.Bd3 Nf6 5.e5 Ne4 6.Qe2 f5 7.exf6 Nxf6 8.Bg5 Be7
9.Ne5 g6 10.h4 Nc6 11.h5 Nxd4 12.Qd1 gxh5 13.Bxf6 Bxf6 14.Qxh5 Ke7 15.Qf7 Kd6
16.Nc4 Kc6 17.c3 Rf8 18.Qh5 Nf5 19.Nba3 d5 20.O-O-O Bc8 21.Nc2 Nd6 22.Qe2 a5
23.Rxh7 Kb7 24.Ne5 Bg5 25.Kb1 Qf6 26.f3 Rg8 27.Nd4 Nf5 28.Rf7 Nxd4 29.cxd4 Qd8
30.f4 Be7 31.Bb5 Bd6 32.Nc6 Qh4 33.Ne5 Ka7 34.Rc1 Bb7 35.Qc2 Bxe5 36.dxe5 c5
37.Bd7 Raf8 38.Bxe6 Rxf7 39.Bxf7 Rg4 40.e6 Rxf4 41.g3 Qxg3 42.e7 Bc6 43.e8=Q
Bxe8 44.Bxe8 Rf2 45.Qh7 Ka6 46.Qd7 Qd3 47.Ka1 Rf1 48.Qb5 Ka7 49.Rxf1 1-0

[Event "Cto. Navarra por equipos - Division Hono"]
[Site "?"]
[Date "2017.10.14"]
[Round "1"]
[White "Martinez Bernardo, Aitor"]
[Black "Razkin Fraile, Miguel Angel"]
[Result "1/2-1/2"]
[WhiteElo "1976"]
[BlackElo "1703"]

1.c4 g6 2.Nc3 Bg7 3.g3 e6 4.Bg2 Ne7 5.e4 O-O 6.Nge2 c6 7.d4 d5 8.e5 dxc4 9.Ne4
Nd7 10.Qc2 Nb6 11.Bg5 h6 12.Bf6 Bxf6 13.Nxf6 Kg7 14.h4 Ned5 15.h5 Nxf6 16.exf6
Qxf6 17.hxg6 fxg6 18.O-O-O Bd7 19.Qd2 Rh8 20.Be4 Nd5 21.Rh2 Raf8 22.Rdh1 g5
23.f4 Kf7 24.fxg5 hxg5 25.Rh7 Rxh7 26.Rxh7 Ke8 27.Qa5 Qf1 28.Kd2 c3 29.bxc3 Nb6
30.Qc5 Qf6 31.Bg6 Kd8 32.Bd3 Rh8 33.Rxh8 Qxh8 34.Qxg5 Kc8 35.Qf4 Nd5 36.Qh4 Qg7
37.Nf4 Qf8 38.Nxd5 exd5 39.Ke3 Qe8 40.Kd2 Qf7 41.Ke3 Qe8 42.Kd2 Qf7 43.Qf4 Qg7
44.Ke2 Qe7 45.Kf2 Qa3 46.Qd2 Qf8 47.Kg2 Qh8 48.Kg1 Qf8 1/2-1/2

[Event "Cto. Navarra por equipos - Division Hono"]
[Site "?"]
[Date "2017.10.14"]
[Round "1"]
[White "Lacruz Ochoa, Oier"]
[Black "Torres Calvo, Mauricio"]
[Result "0-1"]
[WhiteElo "1687"]
[BlackElo "1806"]

1.e4 c5 2.Nf3 g6 3.d4 cxd4 4.Nxd4 Bg7 5.c4 Nc6 6.Be3 Nf6 7.f3 O-O 8.Nc3 Qb6
9.Qd2 Nxe4 10.Nxc6 Nxd2 11.Nxe7 Kh8 12.Bxb6 Nxf1 13.Bc5 Re8 14.Kxf1 b6 15.Bd6
Ba6 16.Kf2 Bxc4 17.Rhe1 Bd4 18.Kg3 Be6 19.Rad1 Bg7 20.Ned5 Bxd5 21.Nxd5 Bxb2
22.Nc7 Rxe1 23.Rxe1 Rc8 24.Re8 Rxe8 25.Nxe8 f5 26.Kf4 Kg8 27.Be5 Bc1 28.Kg3 Kf7
29.Nc7 Ba3 30.Bc3 Bd6 31.f4 Bxc7 32.Kf3 Ke6 33.Ke3 Kd5 34.g3 Kc4 35.Bf6 b5
36.Kd2 Bb6 37.h3 Bd4 38.Be7 h5 39.Ke2 a5 40.Kf3 b4 41.g4 b3 42.axb3 Kxb3 43.gxh5
gxh5 44.Kg3 a4 45.Kh4 a3 46.Bxa3 Kxa3 47.Kxh5 Bc3 48.Kg5 d5 49.Kxf5 d4 50.Ke4
Kb3 51.Kd3 Kb4 52.h4 Kc5 53.h5 Be1 54.h6 Bh4 55.h7 Bf6 56.f5 Kd5 57.Kd2 Ke4
58.Ke2 Kxf5 59.Kf3 Kg6 60.Ke4 Kxh7 61.Kd3 Kg6 62.Ke4 Kg5 63.Kd3 Kf4 64.Ke2 Ke4
65.Kd2 Bg5 66.Ke2 d3 67.Kd1 Kd4 68.Ke1 Kc3 0-1

[Event "Cto. Navarra por equipos - Division Hono"]
[Site "?"]
[Date "2017.10.14"]
[Round "1"]
[White "Saifi, Mourad"]
[Black "Solano Martinez, Imanol"]
[Result "1-0"]
[WhiteElo "1775"]
[BlackElo "1504"]

1.e4 c5 2.Nf3 Nc6 3.c3 d5 4.Bb5 a6 5.exd5 axb5 6.dxc6 bxc6 7.d4 Bg4 8.O-O e6
9.h3 Bxf3 10.Qxf3 Qd5 11.Qg3 Nf6 12.dxc5 Bxc5 13.c4 Nh5 14.Qh4 bxc4 15.Nc3 Qe5
16.Rd1 O-O 17.Bg5 Ng3 18.Re1 Qc7 19.Bf4 Nf5 20.Qg4 Qb6 21.Ne4 Bd4 22.Qe2 e5
23.Bc1 Ra4 24.Qc2 Rfa8 25.Nf6 gxf6 26.Qxf5 c3 27.Bh6 Bxf2 28.Qxf2 Qxf2 29.Kxf2
Rxa2 30.Rxa2 Rxa2 31.Rd1 Rxb2 32.Ke3 Rd2 33.Rxd2 cxd2 34.Kxd2 f5 35.Kc3 f4
36.Kc4 f6 37.Kc5 Kf7 38.Kxc6 Ke6 39.Kc5 Kf5 40.Kd5 e4 41.Kd4 e3 42.Kd3 Ke5
43.Bg7 Kf5 44.Bf8 h5 45.Bb4 h4 46.Be1 Kg5 47.Ke4 f5 48.Kf3 e2 49.Kxe2 Kg6 50.Kf3
Kg5 51.Bf2 1-0

[Event "Cto. Navarra por equipos - Division Hono"]
[Site "?"]
[Date "2017.10.14"]
[Round "1"]
[White "Aguinaga Garijo, Daniel"]
[Black "Roldan Marques, Marta"]
[Result "0-1"]
[WhiteElo "1385"]
[BlackElo "1742"]

1.e4 e5 2.Nf3 Nc6 3.Bb5 Nf6 4.Bxc6 dxc6 5.d3 Bd6 6.Nc3 h6 7.Be3 Be6 8.Qd2 Ng4
9.h3 Nxe3 10.Qxe3 a6 11.O-O c5 12.Rfd1 Qf6 13.Nd5 Qg6 14.Nh4 Qh5 15.Qg3 Bxd5
16.exd5 O-O-O 17.Qg4 Qxg4 18.hxg4 Be7 19.Nf5 Bf6 20.c4 Rd7 21.Re1 c6 22.Ne3 Bg5
23.Nf5 g6 24.Ng3 cxd5 25.cxd5 Rxd5 26.Ne4 b6 27.Nxg5 hxg5 28.Rad1 Rhd8 29.Re3
Kb7 30.b3 f6 31.g3 Kc6 32.a4 b5 33.f4 gxf4 34.gxf4 exf4 35.Re6 R8d6 36.Rxd6 Kxd6
37.axb5 axb5 38.Kf2 c4 39.bxc4 bxc4 40.d4 g5 41.Kf3 f5 42.gxf5 Rxf5 43.Ke4 Rd5
44.Rh1 Kc6 45.Rc1 Ra5 46.Rxc4 Kd6 47.Rc2 Ra8 48.Rg2 Re8 49.Kf3 Re3 50.Kg4 Kd5
51.Rd2 Rg3 52.Kf5 f3 53.Rf2 Kxd4 0-1

[Event "Cto. Navarra por equipos - Division Hono"]
[Site "?"]
[Date "2017.10.14"]
[Round "1"]
[White "Lisarri Tomas, Antonio"]
[Black "Huerga Leache, Mikel"]
[Result "0-1"]
[WhiteElo "1959"]
[BlackElo "2449"]

1.c4 Nf6 2.Nf3 g6 3.d4 Bg7 4.Nc3 d5 5.cxd5 Nxd5 6.g3 O-O 7.Bg2 Nb6 8.O-O Nc6
9.e3 Re8 10.Na4 e5 11.Nxb6 axb6 12.d5 Nb4 13.Qb3 Na6 14.e4 Nc5 15.Qc4 Bf8 16.b4
b5 17.Qe2 Na6 18.Bb2 Nxb4 19.a3 Na6 20.Nxe5 Nc5 21.Qf3 f6 22.Ng4 Nxe4 23.Nxf6
Nxf6 24.Bxf6 Qd7 25.Rfe1 Rxa3 26.Rxe8 Rxf3 27.Rxf8 Kxf8 28.Bxf3 Qf5 29.Ra8 Kf7
30.Bh8 Qxf3 31.Rxc8 Qd1 32.Kg2 Qxd5 0-1

[Event "Cto. Navarra por equipos - Division Hono"]
[Site "?"]
[Date "2017.10.14"]
[Round "1"]
[White "Arjol Echeverria, David"]
[Black "Barberia Fernandez, Inaki"]
[Result "1-0"]
[WhiteElo "2121"]
[BlackElo "1861"]

1.e4 c5 2.Nf3 d6 3.d4 cxd4 4.Nxd4 Nf6 5.Nc3 a6 6.Be3 e6 7.Qd2 Nbd7 8.f3 b5
9.O-O-O Bb7 10.g4 Nb6 11.h4 Rc8 12.Qf2 Nfd7 13.Kb1 Rxc3 14.bxc3 Qc7 15.c4 bxc4
16.c3 d5 17.Qc2 dxe4 18.fxe4 Nc5 19.Bg2 Nba4 20.Ka1 Qa5 21.Rb1 Bd6 22.Rxb7 Nxb7
23.e5 O-O 24.exd6 Qe5 25.Bg5 Nbc5 26.d7 f6 27.Nc6 Qg3 28.d8=Q Rxd8 29.Nxd8 fxg5
30.hxg5 g6 31.Nxe6 Nxe6 32.Qxa4 Qxg2 33.Rb1 Qd5 34.Qxa6 Nf8 35.Qf6 Qd3 36.Rf1
Nd7 37.Qf7 1-0

[Event "Cto. Navarra por equipos - Division Hono"]
[Site "?"]
[Date "2017.10.14"]
[Round "1"]
[White "Rodriguez Montes, Sostenes"]
[Black "Estefano Rilova, Fernando"]
[Result "0-1"]
[WhiteElo "1813"]
[BlackElo "2035"]

1.e4 c5 2.Nc3 Nc6 3.g3 d6 4.Bg2 g6 5.d3 Bg7 6.Nf3 Nf6 7.O-O Rb8 8.a4 a6 9.Rb1 b5
10.b3 Bg4 11.Bd2 Nd4 12.h3 Nxf3 13.Bxf3 Bxh3 14.Re1 O-O 15.axb5 axb5 16.e5 dxe5
17.Rxe5 Nd7 18.Re1 Ne5 19.Bh1 Bg4 20.f3 Qd4 21.Be3 Qxc3 22.fxg4 Qb4 23.Be4 Nd7
24.Kg2 Qa5 25.Rh1 Nf6 26.Bf3 Qc7 27.Qg1 Qe5 28.Re1 g5 29.d4 cxd4 30.Bxd4 Qc7
31.Bxf6 exf6 32.Be4 h6 33.Qf2 Qd7 34.Rd1 Qxg4 35.Rd4 f5 0-1

[Event "Cto. Navarra por equipos - Division Hono"]
[Site "?"]
[Date "2017.10.14"]
[Round "1"]
[White "Ramos Dominguez, Joaquin"]
[Black "Igea Perez, Alfonso"]
[Result "0-1"]
[WhiteElo "2080"]
[BlackElo "1787"]

1.c4 Nf6 2.g3 e6 3.Bg2 d5 4.Nf3 c5 5.cxd5 Nxd5 6.Nc3 Nc6 7.O-O Be7 8.a3 O-O
9.Qa4 Nb6 10.Qc2 e5 11.e3 Be6 12.b3 Rc8 13.Rb1 f5 14.Ne1 a6 15.d3 Qd7 16.f4 exf4
17.gxf4 Rfd8 18.Bb2 Nb4 19.axb4 cxb4 20.Qd2 bxc3 21.Bxc3 Nd5 22.Ba1 Bb4 23.Qe2
Bc3 24.d4 Bxa1 25.Rxa1 Rc3 26.Nd3 Qb5 27.Rad1 Nb4 28.Nc1 Qxe2 29.Nxe2 Rxe3
30.Kf2 Rxb3 31.Bxb7 Nd3 32.Rxd3 Rxd3 33.Bxa6 Ra3 34.Bb5 Rb8 35.Bc6 Rb2 36.Rc1
Raa2 37.Bf3 Rc2 38.Rxc2 Rxc2 39.d5 Bd7 40.h4 Bb5 41.Ke3 Bxe2 42.Bxe2 Rc3 43.Kd4
Rh3 44.h5 Kf7 45.Bd1 g6 46.hxg6 hxg6 47.Be2 Ke7 48.Kc5 Re3 49.Bc4 Re4 50.d6 Ke8
51.Kd5 Rxf4 52.Bb5 Kd8 53.Ke5 Rg4 54.Bc6 Rc4 55.Bd5 Rc5 56.Kd4 Rxd5 57.Kxd5 f4
0-1

[Event "Cto. Navarra por equipos - Division Hono"]
[Site "?"]
[Date "2017.10.14"]
[Round "1"]
[White "Juanco Elizari, Felix"]
[Black "Garralda Ruiz, Ander"]
[Result "0-1"]
[WhiteElo "1730"]
[BlackElo "1954"]

1.Nf3 c5 2.e4 Nc6 3.d4 cxd4 4.Nxd4 e5 5.Nb5 a6 6.Nd6 Bxd6 7.Qxd6 Qf6 8.Qa3 Qg6
9.Nc3 Nd4 10.Bd3 Qxg2 11.Rf1 Nf3 12.Kd1 Nf6 13.Nd5 Nxd5 14.exd5 Nxh2 15.Qd6 Qg4
16.f3 Nxf3 17.Be3 e4 18.Bc5 Qg5 19.Rxf3 exf3 20.c3 Qf6 21.Qc7 b6 22.Bxb6 O-O
23.Kc2 f2 24.Rf1 d6 25.Rxf2 Qh4 26.Qxd6 Bh3 27.Qh2 Qh6 28.Rf3 Bd7 29.Qxh6 gxh6
30.Rf6 Bb5 31.Bf5 Bc4 32.Bd4 Bxd5 33.Rxh6 Rfd8 34.Rxh7 f6 35.Bxf6 Rf8 36.Rg7 Kh8
37.Rg3 0-1

[Event "Cto. Navarra por equipos - Division Hono"]
[Site "?"]
[Date "2017.10.14"]
[Round "1"]
[White "Huarte Zozaya, Aitor"]
[Black "Ruiz Turrillas, Alfredo"]
[Result "1-0"]
[WhiteElo "1867"]
[BlackElo "1714"]

1.d4 b6 2.c4 Bb7 3.Nc3 e6 4.e4 Bb4 5.Qc2 Qh4 6.Bd3 f5 7.Nf3 Qg4 8.Be2 fxe4 9.Ne5
Qxg2 10.Rf1 Nc6 11.Nxc6 Bxc6 12.Bf4 Ne7 13.O-O-O Bxc3 14.Qxc3 Rf8 15.Bxc7 Rxf2
16.Rg1 Rxe2 17.Rxg2 Rxg2 18.Qh3 e3 19.d5 e2 20.Re1 Nxd5 21.cxd5 Bxd5 22.Rxe2
Rxe2 23.Qh5 Ke7 24.Qxe2 Rf8 25.Qe5 Rf1 26.Kd2 Kf7 27.Qh5 Kg8 28.Qe8 Rf8 29.Qxd7
Bxa2 30.Be5 Rf7 31.Qc8 Rf8 32.Qc7 Rf7 33.Qb8 Rf8 34.Qxa7 Rd8 35.Ke3 1-0

[Event "Cto. Navarra por equipos - Division Hono"]
[Site "?"]
[Date "2017.10.14"]
[Round "1"]
[White "Jeddi, Abdelkader"]
[Black "Malon Insausti, Andres"]
[Result "1-0"]
[WhiteElo "1704"]
[BlackElo "1795"]

1.d4 Nf6 2.Bg5 Ne4 3.Bf4 c5 4.d5 e6 5.c4 Qf6 6.Qc1 Bd6 7.Be3 Be5 8.Qc2 Bxb2
9.Qxe4 Bxa1 10.Bxc5 Na6 11.Bd6 e5 12.Ba3 Bd4 13.e3 Bc5 14.f4 d6 15.fxe5 dxe5
16.Bd3 Bxa3 17.c5 Bb4 18.Ke2 O-O 1-0

[Event "Cto. Navarra por equipos - Division Hono"]
[Site "?"]
[Date "2017.10.14"]
[Round "1"]
[White "Roviralta Montero, Axel"]
[Black "Marin Salvador, Ruben"]
[Result "1-0"]
[WhiteElo "1813"]
[BlackElo "1645"]

1.e4 c5 2.Nf3 e6 3.d4 cxd4 4.Nxd4 a6 5.Be3 Qc7 6.Bd3 Bb4 7.c3 Be7 8.g4 h6 9.Nd2
Nf6 10.f4 d5 11.e5 Nfd7 12.O-O Nc6 13.Rc1 b5 14.Nxc6 Qxc6 15.Nf3 Bb7 16.Nd4 Qc7
17.Bb1 Rc8 18.Rc2 Nc5 19.Rg2 Ne4 20.Ne2 Bc5 21.Bd4 Qb6 22.f5 Bxd4 23.cxd4 O-O
24.h4 Rc7 25.fxe6 fxe6 26.Rxf8 Kxf8 27.Nf4 Kg8 28.Kh2 Rf7 29.Ng6 Nf2 30.Qd2 Ne4
31.Qe3 Qd8 32.Kh3 Kh7 33.Nf4 Qe8 34.g5 hxg5 35.hxg5 Kg8 36.Bd3 Rf5 37.g6 Rg5
38.Bxe4 Rxg2 39.Bxg2 1-0

[Event "Cto. Navarra por equipos - Division Hono"]
[Site "?"]
[Date "2017.10.21"]
[Round "2"]
[White "Cortes Bueno, Jesus Javier"]
[Black "Ventura Bolet, Maxim"]
[Result "0-1"]
[WhiteElo "2195"]
[BlackElo "2216"]

1.e4 c5 2.Nf3 a6 3.c4 e6 4.Nc3 Qc7 5.d4 cxd4 6.Nxd4 Nf6 7.a3 b6 8.Be3 Bb7 9.f3
d6 10.Be2 Be7 11.Rc1 Nbd7 12.O-O O-O 13.Qe1 Rfe8 14.Qg3 Bf8 15.Kh1 Rac8 16.Qf2
Qb8 17.Rfd1 Be7 18.b4 Bd8 19.Nb3 Bc7 20.Bf4 Nh5 21.Bg5 d5 22.cxd5 Bxh2 23.g4 Ng3
24.Kg2 Rxc3 25.Rxc3 Nxe2 26.Qxe2 exd5 27.Re3 dxe4 28.f4 h6 29.Bxh6 gxh6 30.Rxd7
Bxf4 31.Qc4 Rf8 32.Rxb7 Qxb7 33.Qxe4 Qxe4 34.Rxe4 Bg5 35.Nd4 Rc8 36.Nf5 Rc2
37.Kf1 Ra2 38.Re8 Kh7 39.Rb8 b5 40.Rb7 Rxa3 41.Rxf7 Kg6 42.Rb7 Bd2 43.Rb6 Kg5
44.Nxh6 Bxb4 45.Ke2 Bf8 46.Nf5 Kxg4 47.Nd4 Bc5 0-1

[Event "Cto. Navarra por equipos - Division Hono"]
[Site "?"]
[Date "2017.10.21"]
[Round "2"]
[White "Estefano Rilova, Fernando"]
[Black "Ugalde Ezcurra, Jose Miguel"]
[Result "1/2-1/2"]
[WhiteElo "2029"]
[BlackElo "2110"]

1.e4 e6 2.d4 d5 3.Nc3 Nf6 4.Bg5 dxe4 5.Nxe4 Be7 6.Nxf6 Bxf6 7.Bxf6 Qxf6 8.Nf3
O-O 9.Bd3 c5 10.c3 cxd4 11.Nxd4 Bd7 12.O-O Nc6 13.Nxc6 Bxc6 14.Qc2 g6 15.Rad1
Qf4 16.Rfe1 Rfd8 1/2-1/2

[Event "Cto. Navarra por equipos - Division Hono"]
[Site "?"]
[Date "2017.10.21"]
[Round "2"]
[White "Munoz Arana, Miguel"]
[Black "Ramos Dominguez, Joaquin"]
[Result "0-1"]
[WhiteElo "2058"]
[BlackElo "2089"]

1.e4 c5 2.Nf3 d6 3.d4 cxd4 4.Nxd4 Nf6 5.Nc3 g6 6.f3 Bg7 7.Be3 O-O 8.Qd2 Nc6
9.O-O-O Bd7 10.g4 Rc8 11.Kb1 Ne5 12.h4 Qa5 13.Nd5 Qxd2 14.Nxe7 Kh8 15.Bxd2 Rce8
16.g5 Nxe4 17.fxe4 Rxe7 18.Bb4 Bg4 19.Bxd6 Bxd1 20.Bxe7 Re8 21.Bf6 Bxf6 22.gxf6
Bg4 23.Bb5 Rd8 24.c3 a6 25.Ba4 h5 26.Rf1 Rd6 27.Bb3 Kg8 28.Bd5 b6 29.c4 Nxc4
30.Bxc4 Rxd4 31.Bxa6 Rxe4 32.Bd3 Rd4 33.Kc2 Be6 34.a3 Rxh4 35.b4 Rh2 36.Kc3 Ra2
37.Kd4 Rxa3 38.Be4 Rb3 39.Ke5 Rxb4 40.Bxg6 Rb5 41.Kd6 Rd5 42.Ke7 Rd7 43.Ke8 fxg6
0-1

[Event "Cto. Navarra por equipos - Division Hono"]
[Site "?"]
[Date "2017.10.21"]
[Round "2"]
[White "Garralda Ruiz, Ander"]
[Black "Unanua Garcia, Pedro"]
[Result "0-1"]
[WhiteElo "1948"]
[BlackElo "2003"]

1.e4 e6 2.d4 d5 3.Nc3 Bb4 4.Bd3 c5 5.dxc5 dxe4 6.Bxe4 Qxd1 7.Kxd1 Nf6 8.Bf3 Bxc5
9.Nb5 Na6 10.Bf4 Ke7 11.c3 Rd8 12.Kc2 Nd5 13.Bg3 Bd7 14.Bxd5 exd5 15.Re1 Kf8
16.Nd4 Nb4 17.Kd2 Nc6 18.Ngf3 Nxd4 19.Nxd4 Re8 20.Nb3 Bb6 21.Bd6 Kg8 22.Be7 f6
23.Bc5 Bc7 24.g3 Kf7 25.Bd4 b6 26.Nc1 a5 27.Nd3 g5 28.Rxe8 Rxe8 29.Re1 Rxe1
30.Nxe1 b5 31.b3 Ke6 32.Nd3 Kf5 33.Ke3 Bd8 34.f4 h5 35.Kf3 Kg6 36.fxg5 Bg4
37.Kf2 fxg5 38.Ne5 Kf5 39.Nc6 Bc7 40.Na7 b4 41.cxb4 Ke4 42.bxa5 Bxa5 43.Nc6 Bd2
44.Bc5 Bd7 45.Nb4 d4 46.Nc2 Bc3 47.a4 Be6 48.b4 Bb3 49.Na3 Bxa4 50.Nb1 Bb2
51.Ke2 Bb5 52.Kd2 Bd3 53.b5 Bxb5 54.Na3 Bc3 55.Kd1 Ba4 56.Kc1 d3 57.Nb1 Be1
58.Nd2 Kf5 59.h4 gxh4 60.gxh4 Bxh4 61.Nf3 Bg5 62.Nxg5 Kxg5 63.Kd2 Bb5 64.Ke1 Kf4
65.Kf2 h4 66.Be3 Ke4 67.Bg5 h3 68.Bh6 Bc6 69.Kg3 Bd7 70.Kf2 Bf5 71.Bg5 Kd4
72.Bd2 Kc4 73.Bf4 Kc3 74.Kf3 Kc2 75.Kf2 d2 76.Bxd2 Kxd2 0-1

[Event "Cto. Navarra por equipos - Division Hono"]
[Site "?"]
[Date "2017.10.21"]
[Round "2"]
[White "Vinal Gutierrez, Pedro"]
[Black "Huarte Zozaya, Aitor"]
[Result "0-1"]
[WhiteElo "2045"]
[BlackElo "1864"]

1.d4 Nf6 2.Bf4 c5 3.c3 d5 4.e3 Nc6 5.Nf3 Qb6 6.Qb3 c4 7.Qc2 Bf5 8.Qc1 e6 9.h3 h6
10.Nbd2 Qd8 11.Be2 Be7 12.O-O O-O 13.Ne5 Nxe5 14.Bxe5 b5 15.a3 a5 16.f3 Bh7
17.Qe1 Qb6 18.Bxf6 Bxf6 19.Qf2 b4 20.Rfc1 Be7 21.Qe1 Rfe8 22.Kh1 e5 23.axb4 exd4
24.exd4 Bg5 25.Qd1 axb4 26.Rxa8 Rxa8 27.Ra1 Re8 28.f4 Bxf4 29.Bf3 bxc3 30.bxc3
Qb2 31.Qa4 Rf8 32.Nf1 Qxc3 33.Qa7 Be4 34.Bxe4 dxe4 35.d5 e3 36.Nh2 Bxh2 37.Kxh2
e2 38.Qg1 Re8 39.Re1 Qe5 40.Kh1 Qxd5 0-1

[Event "Cto. Navarra por equipos - Division Hono"]
[Site "?"]
[Date "2017.10.21"]
[Round "2"]
[White "Malon Insausti, Andres"]
[Black "De Pablos Fernandez, Mariano"]
[Result "0-1"]
[WhiteElo "1788"]
[BlackElo "1892"]

1.Nf3 d5 2.c4 e6 3.g3 c6 4.b3 Nf6 5.Bg2 g6 6.Bb2 Bg7 7.O-O O-O 8.d3 Nbd7 9.Nbd2
Qe7 10.e4 dxe4 11.dxe4 e5 12.Qe2 Nh5 13.Rfe1 Rd8 14.Rad1 Nf8 15.Nf1 Bg4 16.Ne3
Bxf3 17.Bxf3 Nf6 18.Nc2 Ne8 19.a3 Rxd1 20.Rxd1 Rd8 21.Bc1 Ne6 22.Be3 Nd4 23.Bxd4
exd4 24.b4 b6 25.Bg2 c5 26.f4 Qc7 27.e5 Bf8 28.b5 Ng7 29.a4 Kh8 30.Bc6 Qe7
31.Qd3 Nf5 32.Re1 Bg7 33.Be4 Nh6 34.Bd5 Ng4 35.h3 Nh6 36.g4 Qh4 37.Re2 Rf8
38.Ne1 Ng8 39.Ng2 Qd8 40.Ne1 Bh6 41.Ng2 Bg7 42.Bc6 Ne7 43.Be4 f5 44.gxf5 Nxf5
45.Rf2 Qe7 46.Rf3 Bh6 47.Qe2 Nh4 48.Nxh4 Qxh4 49.e6 Bxf4 50.e7 Qxe7 51.Qd3 Be3
52.Rxe3 dxe3 53.Qxe3 Re8 54.Qc3 Qe5 55.Qxe5 Rxe5 56.Bf3 Re1 57.Kf2 Ra1 58.Ke3
Rxa4 59.Be2 Ra3 60.Bd3 Kg7 61.Ke4 Kf6 62.Be2 Rxh3 63.Kd5 Re3 64.Bf1 h5 65.Kc6 g5
66.Kb7 Re7 67.Ka6 g4 68.Bg2 g3 69.Bf3 h4 70.Bg2 Kg5 71.Bh3 Kf4 72.Bg2 Ke5 73.Bf1
Kd6 74.Bg2 Kc7 75.Kxa7 Re2 76.Bb7 h3 77.Bc8 Ra2 78.Ba6 h2 79.Ka8 h1=Q 80.Ka7 Qh3
0-1

[Event "Cto. Navarra por equipos - Division Hono"]
[Site "?"]
[Date "2017.10.21"]
[Round "2"]
[White "Garjon Modrego, Miguel"]
[Black "Roviralta Montero, Axel"]
[Result "0-1"]
[WhiteElo "1875"]
[BlackElo "1807"]

1.d4 e6 2.Nf3 b6 3.Bf4 Bb7 4.e3 d6 5.c3 Nd7 6.Nbd2 Be7 7.Bd3 g5 8.Bg3 g4 9.Ng1
Bxg2 10.Qxg4 h5 11.Qe2 Bxh1 12.f3 h4 13.Bf2 h3 14.O-O-O Bg2 15.Kb1 Bh4 16.Ne4
Bxf2 17.Qxf2 Qh4 18.Qe2 Ngf6 19.Nd2 Nd5 20.Bb5 Qg5 21.Re1 Rh5 22.Ka1 Ke7 23.Ne4
Nf4 24.exf4 Qxb5 25.c4 Qf5 26.Ng3 Qg6 27.Nxh5 Qxh5 28.Qe4 Rh8 29.a3 Qh4 30.Qe3
Rh5 31.Rc1 c5 32.Rd1 cxd4 33.Rxd4 Nc5 34.Ka2 a5 35.b4 axb4 36.axb4 Na6 37.Ka3
Rf5 38.Qd2 Qf6 39.Kb3 d5 40.Qe3 Nc7 41.Ne2 Bf1 42.cxd5 Nxd5 43.Rxd5 Rxd5 44.Nc1
Qa1 45.Qe1 Bb5 46.Qh4 Kd7 47.Qe1 Ba4 0-1